| 000 | 01891nam a2200313Ia 4500 | ||
|---|---|---|---|
| 999 |
_c41967 _d41967 |
||
| 001 | 8651 | ||
| 003 | GE_BSU | ||
| 005 | 20240524111603.0 | ||
| 008 | 181216s1991||||ge |||||||||||||| ||geo|| | ||
| 020 | _a5505012471 | ||
| 040 | _cGE_BSU | ||
| 041 | _ageo | ||
| 080 | _a51(075.4)+512(076.1)+517(076.1) მ-15 | ||
| 245 |
_aმათემატიკა. ნაწ. 1. ალგებრა და ანალიზის საწყისები : _bსახელმძღვანელო უმაღლესი სასწ. მოსამზად. განყოფილების მსმენელებისა და აბიტურიენტებისათვის / _cს. თოფურია; გ. აბესაძე, გ. ოზბეგაშვილი, მ. ხოჭოლავა, ზ. მეტრეველი, ნ. მაჭარაშვილი ; რედ. ს. თოფურია. |
||
| 250 | _aმე-3 გადამუშავებული გამოცემა | ||
| 264 |
_aთბილისი : _bგანათლება, _c1991. |
||
| 300 |
_a782 გვ. ; _c20 სმ. |
||
| 541 | _h18 ლ. | ||
| 653 | _aმათემატიკა | ||
| 653 | _aნაწ. 1. ალგებრა და ანალიზის საწყისები | ||
| 700 |
_aთოფურია, ს. _eავტორი _922166 |
||
| 700 |
_aაბესაძე, გ. _eავტორი _91415 |
||
| 700 |
_aოზბეგაშვილი, გ. _eავტორი _91416 |
||
| 700 |
_aხოჭოლავა, მ. _eავტორი _922164 |
||
| 700 |
_aმეტრეველი, ზ. _eავტორი _95368 |
||
| 700 |
_aმაჭარაშვილი, ნ. _eავტორი _91495 |
||
| 700 |
_aთოფურია, ს. _eრედაქტორი _922166 |
||
| 942 |
_cBK _2udc |
||